000 00352nam a22001217a 4500
999 _c1266
_d1266
005 20200827104235.0
008 200827b ||||| |||| 00| 0 eng d
020 _a0356043495
040 _cCML
245 _aOurselves.
_cRichard, R.
260 _aLondon
_bMacdonald & Co (Publishers) Ltd
_c1973
942 _2ddc
_cBK
_e1st Edition
_h507
_mOUR